Megaestructuras : futuro urbano del pasado reciente

Bibliographic Details
Main Author: Banham, Reyner
Format: Section = Libro
Language:Undetermined
Spanish
Published: España Gustavo Gili 2001
Edition:2a.ed.
Subjects:
LEADER 00552nam a2200205Ia 4500
008 240829s9999 xx 000 0 und d
020 |a 84-252-1851-9 
040 |a BIBLIOTECA-RUSB/ Res 721 B216 
041 |a spa 
082 |a Res 721 B216 
100 1 |a Banham, Reyner 
245 1 0 |a Megaestructuras : futuro urbano del pasado reciente 
250 |a 2a.ed. 
260 |a España  |b Gustavo Gili  |c 2001 
300 |a 223 p. :il. 
650 7 |a ESTRUCTURAS - ARQUITECTONICA 
650 7 |b  DISEÑO ARQUITECTONICO 
942 |c BK  |2 ddc 
991 |a TEXTO 
999 |c 6808